NFL Draft 2026 Every Pick - Statistics

General Stats
  • This quiz has been taken 224 times
    141 since last reset
  • The average score is 133 of 257
Answer Stats
Team # Pos. School Answer % Correct
Arizona Cardinals 3 RB Notre Dame Jeremiyah Love
98%
Philadelphia Eagles 20 WR USC Makai Lemon
92%
Los Angeles Rams 13 QB Alabama Ty Simpson
90%
Dallas Cowboys 11 S Ohio State Caleb Downs
89%
Miami Dolphins 27 CB San Diego State Chris Johnson
89%
Las Vegas Raiders 1 QB Indiana Fernando Mendoza
89%
New Orleans Saints 172 CB Ohio State Lorenzo Styles Jr.
89%
Arizona Cardinals 65 QB Miami Carson Beck
87%
Las Vegas Raiders 150 S Arizona Dalton Johnson
87%
New York Jets 2 EDGE Texas Tech David Bailey
87%
Kansas City Chiefs 161 RB Nebraska Emmett Johnson
87%
Washington Commanders 7 LB Ohio State Sonny Styles
87%
New York Giants 5 EDGE Ohio State Arvell Reese
86%
Tennessee Titans 4 WR Ohio State Carnell Tate
86%
Pittsburgh Steelers 76 QB Penn State Drew Allar
86%
New Orleans Saints 8 WR Arizona State Jordyn Tyson
86%
Cleveland Browns 24 WR Texas A&M KC Concepcion
86%
Kansas City Chiefs 6 CB LSU Mansoor Delane
86%
New York Jets 188 G Miami Anez Cooper
84%
Seattle Seahawks 32 RB Notre Dame Jadarian Price
84%
New York Jets 16 TE Oregon Kenyon Sadiq
84%
New York Jets 30 WR Indiana Omar Cooper Jr.
84%
Atlanta Falcons 48 CB Clemson Avieon Terrell
83%
Detroit Lions 17 OT Clemson Blake Miller
83%
New Orleans Saints 42 DL Georgia Christen Miller
83%
New England Patriots 245 RB Alabama Jam Miller
83%
Miami Dolphins 12 OT Alabama Kadyn Proctor
83%
Arizona Cardinals 104 DL SE Louisiana Kaleb Proctor
83%
Detroit Lions 168 WR Kentucky Kendrick Law
83%
Dallas Cowboys 23 EDGE UCF Malachi Lawrence
83%
Cleveland Browns 9 OT Utah Spencer Fano
83%
New England Patriots 28 OT Utah Caleb Lomu
81%
Cleveland Browns 39 WR Washington Denzel Boston
81%
Tampa Bay Buccaneers 15 EDGE Miami Rueben Bain Jr.
81%
Los Angeles Chargers 22 EDGE Miami Akheem Mesidor
79%
Cincinnati Bengals 189 G Duke Brian Parker II
79%
Minnesota Vikings 18 DT Florida Caleb Banks
79%
Carolina Panthers 19 OT Georgia Monroe Freeling
79%
Baltimore Ravens 14 IOL Penn State Olaivavega Ioane
79%
Buffalo Bills 35 EDGE Clemson T.J. Parker
79%
Philadelphia Eagles 54 TE Vanderbilt Eli Stowers
78%
Cleveland Browns 58 S Toledo Emmanuel McNeil-Warren
78%
New York Giants 10 OT Miami Francis Mauigoa
78%
Chicago Bears 25 S Oregon Dillon Thieneman
76%
Miami Dolphins 43 LB Texas Tech Jacob Rodriguez
76%
Arizona Cardinals 217 OT Ole Miss Jayden Williams
76%
Washington Commanders 71 WR Clemson Antonio Williams
75%
New York Jets 110 QB Clemson Cade Klubnik
75%
Jacksonville Jaguars 203 WR Stanford CJ Williams
75%
New York Giants 37 CB Tennessee Colton Hood
75%
New York Jets 50 CB Indiana D'Angelo Ponds
75%
Houston Texans 36 DL Ohio State Kayden McDonald
75%
Pittsburgh Steelers 21 OT Arizona State Max Iheanachor
75%
Kansas City Chiefs 29 DL Clemson Peter Woods
75%
Jacksonville Jaguars 119 EDGE Duke Wesley Williams
75%
Atlanta Falcons 79 WR Georgia Zachariah Branch
75%
Dallas Cowboys 218 WR East Carolina Anthony Smith
73%
Indianapolis Colts 53 LB Georgia CJ Allen
73%
Kansas City Chiefs 176 WR Cincinnati Cyrus Allen
73%
Los Angeles Chargers 131 S Arizona Genesis Smith
73%
Pittsburgh Steelers 47 WR Alabama Germie Bernard
73%
Washington Commanders 187 RB Penn State Kaytron Allen
73%
Tennessee Titans 31 EDGE Auburn Keldric Faulk
73%
Chicago Bears 57 IOL Iowa Logan Jones
73%
Cleveland Browns 182 QB Arkansas Taylen Green
73%
Philadelphia Eagles 251 DT Nigeria Uar Bernard
73%
Arizona Cardinals 34 IOL Texas A&M Chase Bisontis
71%
San Francisco 49ers 33 WR Ole Miss De'Zhaun Stribling
71%
Baltimore Ravens 80 WR USC Ja'Kobi Lane
71%
Las Vegas Raiders 101 CB Tennessee Jermod McCoy
71%
Houston Texans 26 IOL Georgia Tech Keylan Rutledge
71%
Cincinnati Bengals 140 WR Georgia Colbie Young
70%
Los Angeles Rams 61 TE Ohio State Max Klare
70%
Baltimore Ravens 45 EDGE Missouri Zion Young
70%
Miami Dolphins 94 WR Louisville Chris Bell
68%
Carolina Panthers 83 WR Tennessee Chris Brazzell II
68%
Detroit Lions 44 EDGE Michigan Derrick Moore
68%
Dallas Cowboys 114 CB Florida Devin Moore
68%
Minnesota Vikings 98 S Miami Jakobe Thomas
68%
Philadelphia Eagles 68 OT Miami Markel Bell
68%
Kansas City Chiefs 40 EDGE Oklahoma R Mason Thomas
68%
Buffalo Bills 125 WR UConn Skyler Bell
68%
Miami Dolphins 130 LB Texas Trey Moore
68%
Chicago Bears 89 WR LSU Zavion Thomas
68%
Green Bay Packers 52 CB South Carolina Brandon Cisse
67%
Kansas City Chiefs 249 QB LSU Garrett Nussmeier
67%
Cincinnati Bengals 41 EDGE Texas A&M Cashius Howell
65%
Baltimore Ravens 115 WR Indiana Elijah Sarratt
63%
Los Angeles Chargers 63 IOL Florida Jake Slaughter
63%
Carolina Panthers 49 DL Texas Tech Lee Hunter
63%
Las Vegas Raiders 122 RB Arkansas Mike Washington Jr.
63%
Las Vegas Raiders 38 S Arizona Treydan Stukes
63%
Minnesota Vikings 51 LB Cincinnati Jake Golday
62%
Atlanta Falcons 208 DT Washington Anterio Thompson
60%
Los Angeles Chargers 105 WR Mississippi State Brenen Thompson
60%
New York Giants 74 WR Notre Dame Malachi Fields
60%
New York Jets 103 DL Florida State Darrell Jackson Jr.
59%
Buffalo Bills 62 CB Ohio State Davison Igbinosun
59%
Green Bay Packers 201 CB Alabama Domani Jackson
59%
Tennessee Titans 165 RB Penn State Nicholas Singleton
59%
Carolina Panthers 129 CB Texas A&M Will Lee III
59%
Indianapolis Colts 78 S LSU A.J. Haulcy
57%
New Orleans Saints 190 WR LSU Barion Brown
57%
New Orleans Saints 136 WR North Dakota State Bryce Lance
57%
Minnesota Vikings 82 DL Iowa State Domonique Orange
57%
Denver Broncos 108 RB Washington Jonah Coleman
57%
Miami Dolphins 177 WR Missouri Kevin Coleman Jr.
57%
Los Angeles Rams 197 WR Miami CJ Daniels
56%
Philadelphia Eagles 178 QB North Dakota State Cole Payton
56%
Pittsburgh Steelers 96 IOL Iowa Gennings Dunker
56%
New York Giants 192 OT Illinois J.C. Davis
56%
Atlanta Falcons 134 LB Oklahoma Kendal Daniels
56%
Chicago Bears 69 TE Stanford Sam Roush
56%
Cincinnati Bengals 72 CB Washington Tacario Davis
56%
New England Patriots 234 QB Texas Tech Behren Morton
54%
New England Patriots 55 EDGE Illinois Gabe Jacas
54%
San Francisco 49ers 90 RB Indiana Kaelon Black
54%
Chicago Bears 124 CB Texas Malik Muhammad
54%
New Orleans Saints 73 TE Georgia Oscar Delp
54%
Tampa Bay Buccaneers 84 WR Georgia State Ted Hurst
54%
Seattle Seahawks 64 S TCU Bud Clark
52%
Miami Dolphins 75 WR Texas Tech Caleb Douglas
52%
Baltimore Ravens 162 CB Duke Chandler Rivers
52%
New England Patriots 95 TE Notre Dame Eli Raridon
51%
Tennessee Titans 60 EDGE Texas Anthony Hill Jr.
49%
Cincinnati Bengals 128 IOL Auburn Connor Lew
49%
Green Bay Packers 120 EDGE Penn State Dani Dennis-Sutton
49%
Pittsburgh Steelers 85 CB Georgia Daylen Everette
49%
Atlanta Falcons 215 LB LSU Harold Perkins Jr.
49%
Tampa Bay Buccaneers 46 LB Missouri Josiah Trotter
49%
Cleveland Browns 149 LB Alabama Justin Jefferson
49%
Miami Dolphins 138 LB Pitt Kyle Louis
49%
Houston Texans 59 TE Michigan Marlin Klein
49%
Jacksonville Jaguars 88 IOL Oregon Emmanuel Pregnon
48%
Miami Dolphins 87 TE Ohio State Will Kacmarek
48%
Pittsburgh Steelers 230 RB Navy Eli Heidenreich
46%
Buffalo Bills 167 S South Carolina Jalon Kilgore
46%
Cincinnati Bengals 226 DT Navy Landon Robinson
46%
Denver Broncos 246 S Illinois Miles Scott
46%
Baltimore Ravens 174 RB Clemson Adam Randall
44%
Indianapolis Colts 254 WR Oklahoma Deion Burks
44%
Seattle Seahawks 99 CB Arkansas Julian Neal
44%
Denver Broncos 152 TE NC State Justin Joly
44%
Tampa Bay Buccaneers 116 CB Miami Keionte Scott
44%
Green Bay Packers 216 PK Florida Trey Smack
44%
Carolina Panthers 151 S Penn State Zakee Wheatley
44%
Cleveland Browns 86 OT Florida Austin Barber
43%
Pittsburgh Steelers 121 WR Iowa Kaden Wetjen
43%
Detroit Lions 157 CB Arizona State Keith Abney II
43%
Buffalo Bills 181 DT Penn State Zane Durant
43%
San Francisco 49ers 139 CB Washington Ephesians Prysock
41%
Kansas City Chiefs 109 CB Oregon Jadon Canady
41%
Dallas Cowboys 92 EDGE Michigan Jaishawn Barham
41%
Washington Commanders 147 EDGE Tennessee Joshua Josephs
41%
Cleveland Browns 146 IOL Alabama Parker Brailsford
41%
Denver Broncos 257 LB Buffalo Red Murdock
41%
San Francisco 49ers 70 EDGE Texas Tech Romello Height
41%
Detroit Lions 205 DT Texas Tech Skyler Gill-Howard
41%
Minnesota Vikings 97 OT Northwestern Caleb Tiernan
40%
Las Vegas Raiders 67 EDGE Auburn Keyron Crawford
40%
Arizona Cardinals 143 WR Texas Tech Reggie Virgil
40%
Carolina Panthers 144 IOL Kansas State Sam Hecht
40%
Houston Texans 243 LB Indiana Aiden Fisher
38%
Indianapolis Colts 214 EDGE Ohio State Caden Curry
38%
Minnesota Vikings 163 CB Stephen F Austin Charles Demmings
38%
New York Giants 193 LB BYU Jack Kelly
38%
Buffalo Bills 102 OT Boston College Jude Bowry
38%
Los Angeles Rams 93 IOL Missouri Keagen Trost
38%
Baltimore Ravens 133 TE SMU Matthew Hibner
38%
Jacksonville Jaguars 56 TE Texas A&M Nate Boerkircher
38%
Jacksonville Jaguars 81 DL Texas A&M Albert Regis
37%
Green Bay Packers 77 DL Missouri Chris McClellan
37%
Dallas Cowboys 112 OT Penn State Drew Shelton
37%
Denver Broncos 111 IOL Boise State Kage Casey
37%
Houston Texans 141 S USC Kamari Ramsey
37%
Dallas Cowboys 137 DL Alabama LT Overton
37%
Miami Dolphins 158 S Texas Michael Taaffe
37%
Los Angeles Chargers 117 OT Memphis Travis Burke
37%
Indianapolis Colts 135 LB Oregon Bryce Boettcher
35%
Cincinnati Bengals 221 TE Texas Jack Endries
35%
Cleveland Browns 170 TE Cincinnati Joe Royer
35%
Las Vegas Raiders 195 WR Oregon Malik Benson
35%
Tennessee Titans 194 C Indiana Pat Coogan
35%
Baltimore Ravens 250 DT Michigan Rayshaun Benny
35%
Buffalo Bills 220 CB Missouri Toriano Pride Jr.
35%
Denver Broncos 66 DT Texas A&M Tyler Onyedim
35%
New England Patriots 196 OT Texas A&M Dametrious Crownover
33%
San Francisco 49ers 107 DL Oklahoma Gracen Halton
33%
Detroit Lions 118 LB Michigan Jimmy Rolder
33%
Baltimore Ravens 173 TE Alabama Josh Cuevas
33%
Buffalo Bills 126 LB TCU Kaleb Elarms-Orr
33%
Las Vegas Raiders 91 IOL Texas A&M Trey Zuhn III
33%
Washington Commanders 223 QB Rutgers Athan Kaliakmanis
32%
San Francisco 49ers 127 OT Washington Carver Willis
32%
Denver Broncos 256 TE Utah Dallen Bentley
32%
Miami Dolphins 200 G Texas DJ Campbell
32%
Indianapolis Colts 113 IOL Kentucky Jalen Farmer
32%
Pittsburgh Steelers 224 S Oklahoma Robert Spears-Jennings
32%
Baltimore Ravens 211 P Michigan State Ryan Eckley
32%
Indianapolis Colts 237 RB Kentucky Seth McGowan
32%
Jacksonville Jaguars 164 TE Houston Tanner Koziol
32%
Cleveland Browns 248 TE BYU Carsen Ryan
30%
Las Vegas Raiders 175 CB California Hezekiah Masses
30%
Jacksonville Jaguars 100 S Maryland Jalen Huskey
30%
Jacksonville Jaguars 191 WR Baylor Josh Cameron
30%
Houston Texans 204 WR Boston College Lewis Bond
30%
Miami Dolphins 180 TE Mississippi State Seydou Traore
30%
Los Angeles Rams 232 DT Alabama Tim Keenan III
30%
New York Jets 228 S Kansas State VJ Payne
30%
Houston Texans 123 LB Clemson Wade Woodaz
30%
Buffalo Bills 241 G Texas A&M Ar'Maj Reed-Adams
29%
Seattle Seahawks 148 IOL Iowa Beau Stephens
29%
Seattle Seahawks 199 WR Kansas Emmanuel Henderson Jr.
29%
Tennessee Titans 142 IOL Arkansas Fernando Carmona
29%
Green Bay Packers 153 IOL Kentucky Jager Burton
29%
New Orleans Saints 132 IOL Auburn Jeremiah Wright
29%
Los Angeles Chargers 202 G Boston College Logan Taylor
29%
Philadelphia Eagles 207 G Georgia Micah Morris
29%
Chicago Bears 213 DL Georgia Tech Jordan van den Berg
27%
Miami Dolphins 238 EDGE Iowa Max Llewellyn
27%
Pittsburgh Steelers 169 TE Indiana Riley Nowakowski
27%
New Orleans Saints 219 CB Iowa TJ Hall
27%
Detroit Lions 222 EDGE Tennessee Tyre West
27%
Indianapolis Colts 156 EDGE Florida George Gumbs Jr.
25%
San Francisco 49ers 154 LB Louisiana Jaden Dugger
25%
New England Patriots 171 DB Wake Forest Karon Prunty
25%
Washington Commanders 209 C Michigan State Matt Gulbin
25%
Minnesota Vikings 159 HB Michigan Max Bredeson
25%
Seattle Seahawks 236 CB Toledo Andre Fuller
24%
Philadelphia Eagles 244 S Texas Tech Cole Wisniewski
24%
Tampa Bay Buccaneers 155 DL Clemson DeMonte Kapehart
24%
Arizona Cardinals 183 LB Iowa Karson Sharar
24%
Los Angeles Chargers 145 DL South Carolina Nick Barrett
24%
New England Patriots 247 EDGE Boston College Quintayvious Hutchins
24%
Los Angeles Chargers 206 G Oregon Alex Harkey
22%
Tampa Bay Buccaneers 185 TE LSU Bauer Sharp
22%
Tampa Bay Buccaneers 160 G Notre Dame Billy Schrauth
22%
Atlanta Falcons 231 OT Ohio State Ethan Onianwa
22%
Carolina Panthers 227 LB Miami (OH) Jackson Kuwatch
22%
Philadelphia Eagles 252 EDGE New Mexico Keyshawn James-Newby
22%
Las Vegas Raiders 229 DT NC State Brandon Cleveland
21%
Houston Texans 106 IOL Oklahoma Febechi Nwaiwu
21%
Pittsburgh Steelers 210 DT Notre Dame Gabriel Rubio
21%
Chicago Bears 166 LB Arizona State Keyshaun Elliott
21%
Buffalo Bills 239 P Florida Tommy Doman
21%
Seattle Seahawks 242 DT Minnesota Deven Eastern
19%
San Francisco 49ers 179 OT Kansas Enrique Cruz Jr.
19%
Baltimore Ravens 253 G Northwestern Evan Beerntsen
19%
New York Giants 186 DL Auburn Bobby Jamison-Travis
17%
Minnesota Vikings 198 RB Wake Forest Demond Clairborne
17%
Tennessee Titans 225 TE Oklahoma Jaren Kanak
17%
New England Patriots 212 LB TCU Namdi Obiazor
17%
Minnesota Vikings 235 C Cincinnati Gavin Gerhardt
16%
Jacksonville Jaguars 233 EDGE Washington Zach Durfee
16%
Tennessee Titans 184 DL Baylor Jackie Marshall
14%
Seattle Seahawks 255 CB Arizona Michael Dansby
11%
Jacksonville Jaguars 240 LB Middle Tennessee Parker Hughes
10%
No matching quizzes found
Score Distribution
Percent of People with Each Score
Percentile by Number Answered
Your Score History
You have not taken this quiz since the last reset